000 00382nam a2200133Ia 4500
005 20260328104314.0
008 260328s9999||||xx |||||||||||||| ||und||
100 _aGrosso, Carlos
245 0 _aPlazas y Plazoletas guia para sus Proyectos, Construcción y mantenimientos /
_cCarlos Grosso
260 _bMunicipio de la Ciudad
300 _a111 p.
650 _aPATIOS
942 _cBK
999 _c11093
_d11093